000 00457nam a2200181Ia 4500
001 20531
005 20260306172813.0
008 260306t2010||||xx |||||||||||||| ||spa||
041 _aESP
082 _a343.4
_bC28
100 _aCarbonell, Miguel,
_eAUT
245 0 _aEl principio de proporcionalidad en el derecho contemporáneo
260 _c2010
300 _a386 páginas :
_c24 cm.
650 _aGEN
654 _aCDE
942 _cLIB
_dJUS
_fJUS
_2ddc
_n
999 _c20531
_d20531